[Event "Krefelder SK Turm 1 - SG Porz 2"]
[Site "NRW-Klasse - Gruppe 1 2018/20"]
[Date "2018.10.14"]
[Round "2.6"]
[White "Dorner, Matthias"]
[Black "Heedt, Thorsten"]
[Result "0-1"]
[WhiteElo "2133"]
[BlackElo "2018"]
[Annotator "Daniel"]
[PlyCount "43"]
[EventDate "2018.??.??"]
[WhiteTeam "Krefelder SK Turm 1"]
[BlackTeam "SG Porz 2"]

1. d4 d5 2. c3 Nf6 3. Bf4 Bf5 4. Nd2 e6 5. Ngf3 Bd6 6. Bg3 Nc6 7. e3 O-O 8. Bb5
Bxg3 9. hxg3 Qd6 10. Qa4 Ne4 11. Nxe4 Bxe4 12. O-O Ne7 $11 13. Qb4 Qxb4 14.
cxb4 a5 15. bxa5 Rxa5 16. Be2 Rfa8 17. a3 c5 18. Nd2 cxd4 19. exd4 Nc6 20. Nb3
R5a7 21. Rac1 Kf8 22. Rc5 {Handy!} 0-1

[Event "Krefelder SK Turm 1 - SG Porz 2"]
[Site "NRW-Klasse - Gruppe 1 2018/20"]
[Date "2018.10.14"]
[Round "2.8"]
[White "Markgraf, Jonas"]
[Black "Evers, Leo"]
[Result "0-1"]
[WhiteElo "2035"]
[BlackElo "1997"]
[Annotator "Daniel"]
[PlyCount "70"]
[EventDate "2018.??.??"]
[WhiteTeam "Krefelder SK Turm 1"]
[BlackTeam "SG Porz 2"]

1. e4 c5 2. Nf3 Nc6 3. d4 cxd4 4. Nxd4 Nf6 5. Nc3 e5 6. Ndb5 d6 7. Bg5 a6 8.
Na3 b5 9. Bxf6 gxf6 10. Nd5 f5 11. Bd3 Be6 12. c3 Bxd5 13. exd5 Ne7 14. Qh5 Qc8
15. O-O e4 16. Bc2 Rg8 17. Rae1 Ng6 18. Kh1 Nf4 19. Qxh7 Rg7 20. Rxe4+ fxe4 21.
Qxe4+ Be7 22. Qxf4 Qg4 23. Qxg4 Rxg4 24. Re1 Kf8 25. h3 Rh4 26. Bf5 Rf4 $11 27.
Bd3 Rxf2 28. Nc2 Rd2 29. Be4 Bh4 30. Rf1 Re8 31. Bg6 Bf2 32. Bf5 Ree2 33. Nb4
Bb6 34. Be6 Rxg2 35. Rxf7+ Ke8 0-1

[Event "SV Weidenau/Geisweid 1 - SG Niederkasse"]
[Site "NRW-Klasse - Gruppe 1 2018/20"]
[Date "2018.10.14"]
[Round "2.1"]
[White "Grimm, Sascha"]
[Black "Send, Sebastian"]
[Result "1/2-1/2"]
[WhiteElo "2322"]
[BlackElo "2142"]
[PlyCount "58"]
[EventDate "2018.??.??"]
[WhiteTeam "SG Niederkassel 1"]
[BlackTeam "SV Weidenau/Geisweid 1"]

1. c4 f5 2. Nf3 Nf6 3. g3 g6 4. Bg2 Bg7 5. Nc3 d6 6. Rb1 O-O 7. O-O e5 8. d3 h6
9. b4 g5 10. b5 Nbd7 11. a4 Qe8 12. Ne1 Nc5 13. Nc2 f4 14. Nb4 Qh5 15. Nbd5 Bh3
16. f3 g4 17. Rf2 Nxd5 18. Nxd5 Ne6 19. fxg4 Bxg4 20. gxf4 exf4 21. Bb2 Nd4 22.
Bf3 Bxf3 23. exf3 Rf7 24. Kh1 Re8 25. Rg2 Qe5 26. Qg1 Kf8 27. Rf1 c6 28. bxc6
bxc6 29. Nb4 c5 1/2-1/2

[Event "SV Weidenau/Geisweid 1 - SG Niederkasse"]
[Site "NRW-Klasse - Gruppe 1 2018/20"]
[Date "2018.10.14"]
[Round "2.2"]
[White "Jansen, Dirk Norbert"]
[Black "Wigger, Jochen"]
[Result "1/2-1/2"]
[WhiteElo "2168"]
[BlackElo "2234"]
[PlyCount "37"]
[EventDate "2018.??.??"]
[WhiteTeam "SV Weidenau/Geisweid 1"]
[BlackTeam "SG Niederkassel 1"]

1. e4 c6 2. d4 d5 3. exd5 cxd5 4. c4 Nf6 5. Nc3 e6 6. c5 Nc6 7. Nf3 Ne4 8. Bb5
Bd7 9. Qc2 f5 10. O-O Be7 11. Bxc6 Bxc6 12. b4 O-O 13. Bf4 Be8 14. a4 g5 15.
Be5 Bg6 16. Nd2 Nxc3 17. Qxc3 f4 18. b5 Qe8 19. f3 1/2-1/2

[Event "SV Weidenau/Geisweid 1 - SG Niederkasse"]
[Site "NRW-Klasse - Gruppe 1 2018/20"]
[Date "2018.10.14"]
[Round "2.3"]
[White "Guelsen, Taylan"]
[Black "Scholl, Patrick"]
[Result "1/2-1/2"]
[WhiteElo "2187"]
[BlackElo "1954"]
[PlyCount "62"]
[EventDate "2018.??.??"]
[WhiteTeam "SG Niederkassel 1"]
[BlackTeam "SV Weidenau/Geisweid 1"]

1. Nf3 d5 2. d4 Nf6 3. c4 c6 4. cxd5 cxd5 5. Nc3 Nc6 6. Bf4 a6 7. e3 Bf5 8. Be2
e6 9. O-O Bd6 10. Ne5 Bxe5 11. Bxe5 Nxe5 12. dxe5 Nd7 13. Qd4 O-O 14. Rac1 Rc8
15. e4 Bxe4 16. Nxe4 dxe4 17. Qxe4 Qb6 18. b4 Nb8 19. Bd3 g6 20. a3 Rxc1 21.
Rxc1 Rd8 22. h4 Nc6 23. Be2 Qd4 24. Qxd4 Nxd4 25. Kf1 Rd7 26. Rd1 Kf8 27. Bf3
b6 28. Be4 Ke7 29. g4 Nb5 30. Rxd7+ Kxd7 31. a4 Nc3 1/2-1/2

[Event "SV Weidenau/Geisweid 1 - SG Niederkasse"]
[Site "NRW-Klasse - Gruppe 1 2018/20"]
[Date "2018.10.14"]
[Round "2.4"]
[White "Meinhardt, Michael"]
[Black "Rybarczyk, Klaus"]
[Result "0-1"]
[WhiteElo "2028"]
[BlackElo "2157"]
[PlyCount "60"]
[EventDate "2018.??.??"]
[WhiteTeam "SV Weidenau/Geisweid 1"]
[BlackTeam "SG Niederkassel 1"]

1. d4 Nf6 2. Bf4 g6 3. Nc3 d5 4. f3 c5 5. e4 dxe4 6. d5 exf3 7. Nxf3 Bg7 8. Qd2
O-O 9. O-O-O a6 10. Bh6 Qa5 11. h4 Bg4 12. Re1 Nbd7 13. Bxg7 Kxg7 14. Ne5 Nxe5
15. Rxe5 Qc7 16. Qe3 e6 17. h5 Bf5 18. Rxf5 exf5 19. hxg6 fxg6 20. Qh6+ Kg8 21.
d6 Qg7 22. Bc4+ Kh8 23. Qe3 b5 24. Be2 Rac8 25. Bf3 Rfd8 26. Rd1 h5 27. Qe6 Rd7
28. Ne2 Re8 29. Qb3 Ne4 30. Qd5 Rxd6 0-1

[Event "SV Weidenau/Geisweid 1 - SG Niederkasse"]
[Site "NRW-Klasse - Gruppe 1 2018/20"]
[Date "2018.10.14"]
[Round "2.5"]
[White "Stanetzek, Carsten"]
[Black "Hess, Olena"]
[Result "0-1"]
[WhiteElo "2155"]
[BlackElo "2021"]
[Annotator "Daniel"]
[PlyCount "57"]
[EventDate "2018.??.??"]
[WhiteTeam "SG Niederkassel 1"]
[BlackTeam "SV Weidenau/Geisweid 1"]

1. e4 d6 2. d4 Nf6 3. Nc3 e5 4. Nf3 Nbd7 5. Bc4 Be7 6. O-O O-O 7. a4 c6 8. Ba2
Qc7 9. Qe2 b6 10. Rd1 Bb7 11. Nh4 g6 12. Nf3 Kg7 13. h3 a6 14. Be3 exd4 15.
Bxd4 c5 16. Be3 Rae8 17. Bf4 Ne5 18. Nxe5 dxe5 19. Bg5 Nh5 20. Bxe7 Qxe7 21.
Nd5 Bxd5 22. Bxd5 Nf4 23. Qf1 a5 24. g3 Ne6 25. Rd3 f5 26. exf5 gxf5 27. Bxe6
Qxe6 28. Rad1 Rf6 $11 29. Qe2 {Rest unleserlich!} 0-1

[Event "SV Weidenau/Geisweid 1 - SG Niederkasse"]
[Site "NRW-Klasse - Gruppe 1 2018/20"]
[Date "2018.10.14"]
[Round "2.6"]
[White "Dueber, Olaf"]
[Black "Bussard, Christian"]
[Result "0-1"]
[WhiteElo "1943"]
[BlackElo "2253"]
[Annotator "Daniel"]
[PlyCount "146"]
[EventDate "2018.??.??"]
[WhiteTeam "SV Weidenau/Geisweid 1"]
[BlackTeam "SG Niederkassel 1"]

1. d4 Nf6 2. Bf4 e6 3. e3 c5 4. c3 b6 5. h3 Bb7 6. Nd2 Be7 7. Ngf3 d6 8. Bd3
Nbd7 9. O-O O-O 10. Nc4 Qc7 11. a4 Rfd8 12. Qe2 Ne4 13. Nfd2 Ndf6 14. Nxe4 Bxe4
15. Nd2 Bb7 16. e4 e5 17. dxe5 dxe5 18. Be3 Nh5 19. Bc4 Nf4 20. Qg4 Bf6 21.
Rfe1 Nd3 22. Bxd3 Rxd3 23. Nf1 Qd7 24. f3 Rd8 25. Qxd7 R8xd7 26. Kf2 Be7 27.
Re2 Ba6 28. Rd2 f6 29. Rad1 Kf7 30. a5 Ke6 31. axb6 axb6 32. Ra1 Bb5 33. Ra8
Rxe3 34. Kxe3 Bxf1 35. Rxd7 Kxd7 36. Ra7+ Ke6 37. g4 g6 38. h4 b5 39. b3 c4 40.
b4 Bd3 41. Rb7 h5 42. Rxb5 Bc2 43. Ra5 hxg4 44. fxg4 Bd1 45. Ra6+ Kd7 46. Ra7+
Ke8 47. h5 gxh5 48. gxh5 Bxh5 49. Ra8+ $11 Bd8 50. Ra6 Bg4 51. Kd2 Kd7 52. Ra7+
Kc6 53. Rf7 Be6 54. Rf8 Kd7 55. Ke3 Ke7 56. Rh8 Bg4 57. Rh7+ Kd6 58. Rh6 Bb6+
59. Kd2 Ke6 60. Rh8 Bf3 61. Re8+ Kd7 62. Rf8 Bd8 63. Ke3 Bg2 64. Rf7+ Ke8 65.
Rb7 f5 66. Rb5 Bxe4 67. Rxe5+ Kd7 68. Rb5 Bc7 69. Kd4 Bd3 70. Rd5+ Ke6 71. Rb5
f4 72. Rb7 Be5+ 73. Kc5 f3 0-1

[Event "SV Weidenau/Geisweid 1 - SG Niederkasse"]
[Site "NRW-Klasse - Gruppe 1 2018/20"]
[Date "2018.10.14"]
[Round "2.7"]
[White "Broehl, Stephan"]
[Black "Eckardt, Uwe"]
[Result "1-0"]
[WhiteElo "2087"]
[BlackElo "2019"]
[Annotator "Daniel"]
[PlyCount "77"]
[EventDate "2018.??.??"]
[WhiteTeam "SG Niederkassel 1"]
[BlackTeam "SV Weidenau/Geisweid 1"]

1. e4 e5 2. Bc4 Nf6 3. d3 Be7 4. Nc3 O-O 5. f4 d6 6. Nf3 Nc6 7. O-O Bg4 8. h3
Bxf3 9. Qxf3 Nd4 10. Qf2 c6 11. a4 Qd7 12. Be3 Ne6 13. fxe5 dxe5 14. Ne2 b6 15.
Kh1 Rad8 16. Ng3 Bc5 17. Bxe6 Bxe3 $11 18. Bxf7+ Rxf7 19. Qxe3 Qe6 20. Nf5 Kh8
21. Rf3 Rdf8 22. Ng3 Nd7 23. Rxf7 Rxf7 24. a5 c5 25. axb6 axb6 26. Ra8+ Rf8 27.
Rxf8+ Nxf8 28. b3 Ng6 29. Qg5 h6 30. Qd8+ Kh7 31. Nf5 Nf4 32. Qd6 h5 33. h4 Kg6
34. Qf8 Qf7 35. Ne7+ Kf6 36. Nd5+ Nxd5 37. Qxf7+ Kxf7 38. exd5 b5 39. c4 1-0

[Event "SV Weidenau/Geisweid 1 - SG Niederkasse"]
[Site "NRW-Klasse - Gruppe 1 2018/20"]
[Date "2018.10.14"]
[Round "2.8"]
[White "Piskorz, Andreas"]
[Black "Freundlieb, Thomas"]
[Result "0-1"]
[WhiteElo "1898"]
[BlackElo "2043"]
[Annotator "Daniel"]
[PlyCount "110"]
[EventDate "2018.??.??"]
[WhiteTeam "SV Weidenau/Geisweid 1"]
[BlackTeam "SG Niederkassel 1"]

1. Nf3 d6 2. b3 e5 3. Bb2 Nf6 4. e3 Be7 5. Be2 O-O 6. O-O c6 7. c4 Nbd7 8. Nc3
Re8 9. Qc2 Bf8 10. d4 Qc7 11. Rac1 g6 12. dxe5 dxe5 13. Ng5 Nc5 14. b4 Ne6 15.
Nge4 Nxe4 16. Nxe4 Be7 17. c5 Ng5 18. Nd2 Bf5 19. e4 Bd7 20. Qc3 f6 21. Bc4+
Kg7 22. Qb3 Bf8 23. Rcd1 Rad8 24. Qg3 Be6 25. Be2 Rxd2 26. Rxd2 Nxe4 27. Qd3
Nxd2 28. Qxd2 Rd8 29. Qe3 Kg8 30. f4 Bg7 31. fxe5 fxe5 32. a3 Bd5 33. Bd1 e4
34. Bxg7 Qxg7 35. Bc2 Qe5 36. Re1 Kg7 37. Re2 Rf8 38. Re1 Rf4 39. g3 Rf8 40.
Bd1 Qf6 41. Be2 Qe5 42. Bf1 h5 43. Bg2 Rh8 44. Rf1 $11 h4 45. Rf4 h3 46. Bf1 g5
47. Rf2 Rh6 48. Re2 g4 49. Re1 Rg6 50. Re2 Rf6 51. Rf2 Rxf2 52. Kxf2 Qf5+ 53.
Qf4 Qxf4+ 54. gxf4 e3+ 55. Kxe3 g3 0-1

[Event "SF Lieme 1 - Oberhausener SV 1"]
[Site "NRW-Klasse - Gruppe 1 2018/20"]
[Date "2018.10.14"]
[Round "2.1"]
[White "Becker, Marcel"]
[Black "Niermann, Tristan"]
[Result "1/2-1/2"]
[WhiteElo "2272"]
[BlackElo "2266"]
[PlyCount "80"]
[EventDate "2018.??.??"]
[WhiteTeam "Oberhausener SV 1"]
[BlackTeam "SF Lieme 1"]

1. d4 d5 2. c4 c6 3. Nf3 Nf6 4. Nc3 dxc4 5. a4 Bf5 6. e3 e6 7. Bxc4 Bb4 8. O-O
Nbd7 9. Qe2 Bg6 10. e4 O-O 11. Bd3 Qc7 12. e5 Nd5 13. Nxd5 cxd5 14. Ng5 Be7 15.
Bxg6 hxg6 16. Qg4 Rac8 17. Qh4 Bxg5 18. Bxg5 Qc2 19. Ra3 Qe4 20. g4 f5 21. exf6
Nxf6 22. Re3 Qxd4 23. Rxe6 Qxg4+ 24. Qxg4 Nxg4 25. Rd6 Rc2 26. Bh4 Rf5 27. b3
Kh7 28. h3 Ne5 29. Bg3 Nf3+ 30. Kg2 Nd2 31. Rd1 Ne4 32. R6xd5 Nxf2 33. R1d2
Rxd2 34. Rxd2 Ne4 35. Re2 Nxg3 36. Kxg3 b5 37. Re7 bxa4 38. Rxa7 axb3 39. Rb7
Rg5+ 40. Kh2 Kh6 1/2-1/2

[Event "SF Lieme 1 - Oberhausener SV 1"]
[Site "NRW-Klasse - Gruppe 1 2018/20"]
[Date "2018.10.14"]
[Round "2.2"]
[White "Wittke, Rene"]
[Black "Nissen, Claus"]
[Result "1-0"]
[WhiteElo "2222"]
[BlackElo "2138"]
[PlyCount "91"]
[EventDate "2018.??.??"]
[WhiteTeam "SF Lieme 1"]
[BlackTeam "Oberhausener SV 1"]

1. d4 e6 2. e4 d5 3. Nd2 Nf6 4. Bd3 c5 5. c3 Nc6 6. Ngf3 Be7 7. O-O cxd4 8.
cxd4 dxe4 9. Nxe4 O-O 10. Nc3 Nb4 11. Bb1 b6 12. a3 Nbd5 13. Qd3 Bb7 14. Re1
Rc8 15. Bd2 Re8 16. Ne5 g6 17. Qh3 Nc7 18. Bg5 Nh5 19. Be3 Nd5 20. Nxd5 Bxd5
21. Bd3 Bf8 22. Be2 Nf6 23. Bg5 Be7 24. Rad1 Ne4 25. Be3 Nf6 26. Bb5 Rf8 27.
Bh6 Rc2 28. Re2 Qc7 29. Bxf8 Bxf8 30. Qe3 Bd6 31. Bd3 Rxe2 32. Qxe2 Nh5 33. g3
Qb7 34. Ba6 Qe7 35. Qe3 f6 36. Nc4 Bc7 37. Nd2 f5 38. Bc4 f4 39. Qb3 fxg3 40.
hxg3 Bb7 41. Bxe6+ Kg7 42. d5 Be5 43. Nf3 Nxg3 44. fxg3 Bxg3 45. Qc3+ Kh6 46.
Kg2 1-0

[Event "SF Lieme 1 - Oberhausener SV 1"]
[Site "NRW-Klasse - Gruppe 1 2018/20"]
[Date "2018.10.14"]
[Round "2.3"]
[White "Ciornei, Dragos"]
[Black "Himpenmacher, Andy"]
[Result "1/2-1/2"]
[WhiteElo "2075"]
[BlackElo "2199"]
[PlyCount "50"]
[EventDate "2018.??.??"]
[WhiteTeam "Oberhausener SV 1"]
[BlackTeam "SF Lieme 1"]

1. e4 c5 2. Nf3 e6 3. d4 cxd4 4. Nxd4 Nc6 5. Nc3 Qc7 6. g3 a6 7. Bg2 Nf6 8. O-O
h5 9. Re1 Nxd4 10. Qxd4 Bc5 11. Qd3 Ng4 12. Nd1 h4 13. Ne3 Ne5 14. Qe2 b5 15.
Ng4 hxg3 16. hxg3 Bb7 17. c3 f5 18. Nxe5 Qxe5 19. Bf4 Qxe4 20. Bxe4 Bxe4 21.
Qxe4 fxe4 22. Rxe4 Rf8 23. a4 g5 24. Be3 Bxe3 25. Rxe3 Rf5 1/2-1/2

[Event "SF Lieme 1 - Oberhausener SV 1"]
[Site "NRW-Klasse - Gruppe 1 2018/20"]
[Date "2018.10.14"]
[Round "2.4"]
[White "Essing, Arnold"]
[Black "Matzat, Andre"]
[Result "1-0"]
[WhiteElo "2165"]
[BlackElo "2025"]
[PlyCount "67"]
[EventDate "2018.??.??"]
[WhiteTeam "SF Lieme 1"]
[BlackTeam "Oberhausener SV 1"]

1. d4 Nf6 2. Nf3 e6 3. c4 Nc6 4. g3 d5 5. Bg2 dxc4 6. Qa4 Bb4+ 7. Bd2 Nd5 8.
Qb5 O-O 9. Qxc4 Nb6 10. Qd3 e5 11. Nxe5 Bxd2+ 12. Qxd2 Nxd4 13. e3 Nf5 14. Qxd8
Rxd8 15. Nc3 c6 16. O-O f6 17. Nf3 Be6 18. Rfd1 Bf7 19. g4 Ne7 20. Nd4 Nbd5 21.
Ne4 Rac8 22. Rac1 b6 23. a3 a5 24. Ng3 g6 25. Bf1 c5 26. Nb5 Kg7 27. Ne4 Be6
28. h3 Nc6 29. Ned6 Rb8 30. Bc4 Nce7 31. Rd2 Rd7 32. e4 Nf4 33. Bxe6 Nxe6 34.
Nf5+ 1-0

[Event "SF Lieme 1 - Oberhausener SV 1"]
[Site "NRW-Klasse - Gruppe 1 2018/20"]
[Date "2018.10.14"]
[Round "2.5"]
[White "Voge, Andreas"]
[Black "Wolf, Andre"]
[Result "0-1"]
[WhiteElo "2023"]
[BlackElo "2138"]
[PlyCount "66"]
[EventDate "2018.??.??"]
[WhiteTeam "Oberhausener SV 1"]
[BlackTeam "SF Lieme 1"]

1. e4 e5 2. Nf3 Nc6 3. Bb5 Nge7 4. c3 a6 5. Ba4 g6 6. d4 b5 7. Bb3 Bg7 8. dxe5
O-O 9. Bf4 h6 10. h4 Kh7 11. h5 g5 12. Bxg5 hxg5 13. Nxg5+ Kh8 14. Nxf7+ Rxf7
15. Bxf7 Nxe5 16. Bb3 Bh6 17. Qe2 d6 18. Nd2 Qf8 19. f3 a5 20. Bc2 b4 21. Bd3
bxc3 22. bxc3 Nxd3+ 23. Qxd3 Ba6 24. c4 Nc6 25. Rb1 Ne5 26. Qc3 Qg7 27. O-O Qg3
28. Rf2 Bg7 29. Nf1 Qxf2+ 30. Kxf2 Ng4+ 31. Kg3 Bxc3 32. Kxg4 Bxc4 33. Ne3 Bxa2
0-1

[Event "SF Lieme 1 - Oberhausener SV 1"]
[Site "NRW-Klasse - Gruppe 1 2018/20"]
[Date "2018.10.14"]
[Round "2.6"]
[White "Schaffarczyk, Andre"]
[Black "Limberg, Matthias"]
[Result "1/2-1/2"]
[WhiteElo "2129"]
[BlackElo "2050"]
[PlyCount "76"]
[EventDate "2018.??.??"]
[WhiteTeam "SF Lieme 1"]
[BlackTeam "Oberhausener SV 1"]

1. e4 d5 2. exd5 Qxd5 3. Nc3 Qa5 4. d4 c6 5. Nf3 Nf6 6. Ne5 Be6 7. Nc4 Qd8 8.
Bf4 g6 9. Qd2 Bg7 10. O-O-O O-O 11. Kb1 Nd5 12. Be5 Nxc3+ 13. Qxc3 Bxe5 14.
Nxe5 Nd7 15. Nd3 Qc7 16. Be2 Bd5 17. f3 Rfe8 18. Nb4 Nf6 19. Qd2 Qa5 20. c4 Be6
21. Nd5 Bf5+ 22. Ka1 Qxd2 23. Nxf6+ exf6 24. Rxd2 Re3 25. Rc1 Rae8 26. Bf1 h5
27. b3 Kf8 28. Kb2 Ke7 29. b4 Kd6 30. c5+ Kc7 31. d5 cxd5 32. Rxd5 Re1 33. Rdd1
Rxd1 34. Rxd1 Re3 35. Rd4 a6 36. Rf4 Re1 37. Bc4 Be6 38. Bd3 f5 1/2-1/2

[Event "SF Lieme 1 - Oberhausener SV 1"]
[Site "NRW-Klasse - Gruppe 1 2018/20"]
[Date "2018.10.14"]
[Round "2.7"]
[White "Krueger, André"]
[Black "Stork, Holger"]
[Result "1/2-1/2"]
[WhiteElo "1970"]
[BlackElo "2064"]
[PlyCount "36"]
[EventDate "2018.??.??"]
[WhiteTeam "Oberhausener SV 1"]
[BlackTeam "SF Lieme 1"]

1. d4 Nf6 2. Bg5 e6 3. e4 h6 4. Bxf6 Qxf6 5. c3 d5 6. Bd3 c5 7. Nf3 cxd4 8.
cxd4 Bb4+ 9. Nc3 O-O 10. O-O Bxc3 11. bxc3 Bd7 12. Ne5 Qe7 13. Qb3 Bc6 14. Rfe1
dxe4 15. Bxe4 Bxe4 16. Rxe4 Nc6 17. Nxc6 bxc6 18. Qc4 Qb7 1/2-1/2

[Event "SF Lieme 1 - Oberhausener SV 1"]
[Site "NRW-Klasse - Gruppe 1 2018/20"]
[Date "2018.10.14"]
[Round "2.8"]
[White "Schulte, Oliver"]
[Black "Hombrecher, Kai"]
[Result "1-0"]
[WhiteElo "2059"]
[BlackElo "1851"]
[PlyCount "91"]
[EventDate "2018.??.??"]
[WhiteTeam "SF Lieme 1"]
[BlackTeam "Oberhausener SV 1"]

1. d4 g6 2. Bf4 Bg7 3. Nc3 d6 4. Qd2 Nd7 5. Nf3 c6 6. e4 e5 7. Bg5 Qc7 8. O-O-O
b5 9. dxe5 dxe5 10. Bxb5 Ngf6 11. Ba4 O-O 12. Qd6 Qxd6 13. Rxd6 Bb7 14. Rhd1 h6
15. Bh4 g5 16. Bg3 Nc5 17. Bxc6 Bxc6 18. Rxc6 Ncxe4 19. Bxe5 Nxc3 20. Bxc3 Ne4
21. Bxg7 Kxg7 22. Rf1 Rfe8 23. Nd4 Re5 24. f4 Rd5 25. c3 g4 26. Re1 Re8 27. Kc2
Rh5 28. Re2 Nf6 29. Rxe8 Nxe8 30. h3 gxh3 31. gxh3 Rxh3 32. Nf5+ Kh7 33. b4 Ng7
34. Nd6 Ne6 35. f5 Ng5 36. Rc7 Kg7 37. Rxa7 h5 38. b5 Rf3 39. b6 h4 40. b7 Rf2+
41. Kb3 h3 42. b8=Q h2 43. Ne8+ Kh6 44. Ra6+ Kh7 45. Nf6+ Kg7 46. Qg8+ 1-0

[Event "Schach Nienberge 1 - LSV Turm Lippstadt"]
[Site "NRW-Klasse - Gruppe 1 2018/20"]
[Date "2018.10.14"]
[Round "2.1"]
[White "Wehmeier, Stefan"]
[Black "Remmeke, Hans"]
[Result "1-0"]
[WhiteElo "2301"]
[BlackElo "2133"]
[Annotator "Daniel"]
[PlyCount "64"]
[EventDate "2018.??.??"]
[WhiteTeam "LSV Turm Lippstadt 1"]
[BlackTeam "Schach Nienberge 1"]

1. d4 f5 2. c4 Nf6 3. e3 g6 4. Bd3 Bg7 5. Nc3 c5 6. Nge2 O-O 7. O-O b6 8. dxc5
bxc5 9. e4 d6 10. exf5 gxf5 11. Ng3 e6 12. Bg5 Qb6 13. Qd2 Nc6 14. Rad1 Nd4 15.
Nce2 Bb7 16. f3 Rf7 17. Rf2 Kh8 18. b4 Rg8 19. Rb1 Qc7 20. Kh1 Bc6 21. Be3 Nd7
22. Nh5 e5 23. Bxd4 cxd4 24. Nxg7 Rgxg7 25. Ng3 f4 26. Nf5 Rg5 27. Qc2 Nf8 28.
c5 dxc5 29. bxc5 Nd7 30. Nd6 Rfg7 31. Qb3 Nf6 32. Qb8+ Ng8 {ZÜ} 1-0

[Event "Schach Nienberge 1 - LSV Turm Lippstadt"]
[Site "NRW-Klasse - Gruppe 1 2018/20"]
[Date "2018.10.14"]
[Round "2.2"]
[White "Gottkehaskamp, Philipp"]
[Black "Wagner, Alexej"]
[Result "1-0"]
[WhiteElo "2034"]
[BlackElo "2280"]
[PlyCount "67"]
[EventDate "2018.??.??"]
[WhiteTeam "Schach Nienberge 1"]
[BlackTeam "LSV Turm Lippstadt 1"]

1. e4 c5 2. Nf3 d6 3. d4 cxd4 4. Nxd4 Nf6 5. Nc3 a6 6. Bg5 e6 7. f4 Nbd7 8. Bc4
Qb6 9. Bxf6 Nxf6 10. Bb3 Be7 11. f5 e5 12. Nf3 Bd7 13. Qd2 Bc6 14. O-O-O Rc8
15. Rde1 Qc7 16. g4 b5 17. g5 b4 18. gxf6 bxc3 19. Qxc3 Bxf6 20. Qd3 a5 21. a4
O-O 22. Rd1 Qb6 23. Nd2 Qb4 24. Qc4 Qb7 25. Rhg1 Rfd8 26. Rg4 d5 27. Qe2 dxe4
28. Rdg1 Kh8 29. R1g3 Rd4 30. Rh3 Rcd8 31. Rxg7 Kxg7 32. Qh5 Rxd2 33. Qh6+ Kg8
34. Rg3+ 1-0

[Event "Schach Nienberge 1 - LSV Turm Lippstadt"]
[Site "NRW-Klasse - Gruppe 1 2018/20"]
[Date "2018.10.14"]
[Round "2.4"]
[White "Gottkehaskamp, Stefan"]
[Black "Kruse, Janik"]
[Result "1/2-1/2"]
[WhiteElo "1998"]
[BlackElo "2099"]
[PlyCount "59"]
[EventDate "2018.??.??"]
[WhiteTeam "Schach Nienberge 1"]
[BlackTeam "LSV Turm Lippstadt 1"]

1. d4 Nf6 2. Bf4 d6 3. e3 g6 4. Be2 Bg7 5. h3 O-O 6. Nf3 c5 7. c3 b6 8. O-O Bb7
9. Nbd2 Re8 10. Bh2 Nbd7 11. Nc4 Ne4 12. Qb3 d5 13. Ncd2 Nxd2 14. Nxd2 e5 15.
dxe5 Nxe5 16. Rfd1 Qe7 17. Nf3 Nd7 18. Bf4 Red8 19. Qa4 a6 20. Bg5 Nf6 21. Qh4
Rd6 22. Nh2 Qf8 23. Bf4 Rd7 24. Ng4 Nxg4 25. hxg4 Rad8 26. g5 d4 27. cxd4 cxd4
28. Bg4 Rd5 29. Bf3 R5d7 30. Bg4 1/2-1/2

[Event "Schach Nienberge 1 - LSV Turm Lippstadt"]
[Site "NRW-Klasse - Gruppe 1 2018/20"]
[Date "2018.10.14"]
[Round "2.5"]
[White "Tran, Duc Cuong"]
[Black "Kemper, Georg"]
[Result "1/2-1/2"]
[WhiteElo "2109"]
[BlackElo "2001"]
[PlyCount "82"]
[EventDate "2018.??.??"]
[WhiteTeam "LSV Turm Lippstadt 1"]
[BlackTeam "Schach Nienberge 1"]

1. e4 e6 2. d4 d5 3. Nd2 Nc6 4. Ngf3 Nf6 5. e5 Nd7 6. c3 f6 7. exf6 Qxf6 8. Bb5
Bd6 9. O-O O-O 10. Qb3 a6 11. Bxc6 bxc6 12. c4 Rb8 13. Qa4 c5 14. cxd5 exd5 15.
b3 Nb6 16. Qa5 cxd4 17. Bb2 c5 18. Rac1 Nd7 19. Bxd4 Qg6 20. Bb2 Nf6 21. Be5
Rb5 22. Qc3 Be7 23. Rfe1 Bb7 24. a4 Rb4 25. Bg3 Ne4 26. Nxe4 dxe4 27. Ne5 Qe6
28. Rb1 h5 29. Nd3 h4 30. Bc7 e3 31. Rxe3 Re4 32. Rbe1 Rxe3 33. Rxe3 Qc6 34.
Qc4+ Kh8 35. Qg4 Qxc7 36. Ne5 Kg8 37. Qe6+ Kh7 38. Qg6+ Kg8 39. Qe6+ Kh7 40.
Qg6+ Kg8 41. Qe6+ Kh7 1/2-1/2

[Event "Schach Nienberge 1 - LSV Turm Lippstadt"]
[Site "NRW-Klasse - Gruppe 1 2018/20"]
[Date "2018.10.14"]
[Round "2.7"]
[White "Fecke, Andreas"]
[Black "Haas, Kai"]
[Result "1-0"]
[WhiteElo "2058"]
[BlackElo "1931"]
[PlyCount "79"]
[EventDate "2018.??.??"]
[WhiteTeam "LSV Turm Lippstadt 1"]
[BlackTeam "Schach Nienberge 1"]

1. e4 d6 2. Nf3 g6 3. Be2 Bg7 4. O-O Nd7 5. Re1 e5 6. d4 Ngf6 7. Bf1 O-O 8. Nc3
h6 9. h3 Re8 10. dxe5 dxe5 11. Be3 c6 12. Qd2 Kh7 13. a4 a5 14. Rad1 Qe7 15.
Bc4 Bf8 16. g4 Ng8 17. g5 h5 18. Qe2 Kg7 19. Nh4 Nc5 20. Qf3 Be6 21. Be2 Qc7
22. Qg3 Rac8 23. Kh1 Bd6 24. Rd2 Na6 25. Bxh5 Ne7 26. Bg4 Bxg4 27. hxg4 Bc5 28.
Kg2 Rcd8 29. Rxd8 Rxd8 30. Qf3 Ng8 31. Rh1 Bxe3 32. Qxe3 Qe7 33. Nf3 Nb4 34.
Ne2 Qd7 35. Nxe5 Qe6 36. Qc3 f6 37. gxf6+ Qxf6 38. f4 Kf8 39. Rh7 Ke8 40. Qc4
1-0

[Event "Schach Nienberge 1 - LSV Turm Lippstadt"]
[Site "NRW-Klasse - Gruppe 1 2018/20"]
[Date "2018.10.14"]
[Round "2.8"]
[White "Keller, Dirk"]
[Black "Laurenz, Waldemar"]
[Result "1-0"]
[WhiteElo "1892"]
[BlackElo "1830"]
[PlyCount "65"]
[EventDate "2018.??.??"]
[WhiteTeam "Schach Nienberge 1"]
[BlackTeam "LSV Turm Lippstadt 1"]

1. c4 Nf6 2. g3 c5 3. Bg2 Nc6 4. Nc3 g6 5. e4 Bg7 6. Nge2 O-O 7. O-O d6 8. d3
Bd7 9. h3 Rb8 10. Be3 a6 11. a4 Qc8 12. Kh2 b6 13. Qd2 Na5 14. Ra3 Nc6 15. f4
Ne8 16. g4 e6 17. Ng3 Nd4 18. f5 b5 19. axb5 axb5 20. cxb5 Nxb5 21. Raa1 Nd4
22. Rae1 Qb7 23. Rf2 Nb3 24. Qe2 Bd4 25. Ref1 Be5 26. Bh6 Qc7 27. Bxf8 d5 28.
Qf3 Nd4 29. Qe3 Nxf5 30. gxf5 d4 31. Qf3 dxc3 32. bxc3 exf5 33. Bh6 1-0

[Event "LSV Turm Lippstadt 1 - Krefelder SK Tur"]
[Site "NRW-Klasse - Gruppe 1 2018/20"]
[Date "2018.11.18"]
[Round "3.1"]
[White "Stomberg, Thomas"]
[Black "Wehmeier, Stefan"]
[Result "0-1"]
[WhiteElo "2306"]
[BlackElo "2301"]
[PlyCount "62"]
[EventDate "2018.??.??"]
[WhiteTeam "Krefelder SK Turm 1"]
[BlackTeam "LSV Turm Lippstadt 1"]

1. Nf3 Nf6 2. c4 c5 3. g3 d5 4. cxd5 Nxd5 5. Bg2 Nc6 6. d4 cxd4 7. Nxd4 Ndb4 8.
Nxc6 Qxd1+ 9. Kxd1 Nxc6 10. Nc3 Bf5 11. Bxc6+ bxc6 12. f3 e5 13. e4 Be6 14. Be3
Bb4 15. Kc2 O-O 16. g4 Bc4 17. Rhe1 a5 18. a3 Be7 19. Rad1 Be6 20. Na4 Rfb8 21.
Rd3 Rb5 22. Rc3 Rab8 23. Kd2 c5 24. Bxc5 Bh4 25. Rec1 Bb3 26. Nb6 h5 27. Nd7
Rd8 28. Rd3 hxg4 29. fxg4 Be6 30. Nxe5 Bg5+ 31. Be3 Rxe5 0-1